Sports Quiz

Random Sports or WWE Quiz
Score 0/20 Timer 07:00
0 Plays Today
Hint Answer % Correct
was part of the chickbusters with kaitlynaj lee
91.6%
rko rko rko rkorandy orton
87.4%
dating john cena nikki bella
85.3%
you can't see mejohn cena
83.2%
dating daniel bryan and engaged 2013brie bella
83.2%
the rated r super star who dated litaedge
80%
the niece of bret the hitman heart...natalya
76.8%
won the divas title on raw 20 against evekaitlyn
72.6%
part of laycool michelle mccool
72.6%
holla holla holla kelly kelly
72.6%
Hint Answer % Correct
the truth has set me freeRtruth
69.5%
she looks good to me eve torres
69.5%
the showoff dolph ziggler
63.2%
is the diva of the decadetrish stratus
61.1%
2005 diva search winner ashley
46.3%
won diva of the year oncemaria
32.6%
hyflying divamickie james
30.5%
was on singing with the stars chris jericho
25.3%
inducted into the hall of fame in 2011 shawn michaels
24.2%
she is also from Huston Texas Audrey marie
9.5%

You're not logged in!

Compare scores with friends on all Sporcle quizzes.
OR
Log In

Sporcle TV

Today on Sporcle TV


Watch our educational content, quiz creation guides, and fun videos on Sporcle TV.

Show Comments

Extras

Created Oct 9, 2013ReportNominate
Tags:WWE Quiz, diva, Superstar

Top Quizzes Today


Score Distribution

Paid Content

Your Account Isn't Verified!

In order to create a playlist on Sporcle, you need to verify the email address you used during registration. Go to your Sporcle Settings to finish the process.

Report this User

Report this user for behavior that violates our Community Guidelines.

Details: